Can You Name These Rock and Roll Artists? - Statistics

General Stats
  • This quiz has been taken 209 times
  • The average score is 12 of 16
Answer Stats
Picture Answer % Correct
Queen
99%
The Beatles
98%
Elvis Presley
97%
Elton John
90%
AC/DC
88%
The Rolling Stones
87%
Guns N' Roses
81%
Chuck Berry
75%
Aerosmith
73%
Nirvana
61%
Pink Floyd
58%
The Animals
58%
Little Richard
56%
The Mamas & the Papas
55%
B.B. King
51%
Fats Domino
42%
No matching quizzes found
Score Distribution
Percent of People with Each Score
Percentile by Number Answered
Your Score History
You have not taken this quiz